| 000 | 00447nam a2200157 i 4500 | ||
|---|---|---|---|
| 001 | 142279 | ||
| 003 | ES-MaACL | ||
| 007 | t| | ||
| 008 | 071004s1954 sp ||||1| spa d | ||
| 080 | _a849.9-32"19" | ||
| 100 | 1 |
_aVilá, José María. _9114694 |
|
| 245 | 1 | 0 |
_aBasea 1900... / _cJosé María Vilá. |
| 260 |
_aBarcelona : _bCasa del Llibre, _c[1954] ( _fGráf. Martorell) |
||
| 300 |
_a212 p. ; _c17 cm. |
||
| 852 |
_aES-MaACL _jC-8865 _bR.36716 |
||
| 999 |
_c142279 _d142279 |
||